000
00192 a2200097 4500
020
_a
9780794541798
041
_a
eng
100
_a
Bowman, Lucy
245
_a
How bear lost his tail
942
_c
BK
999
_c
31651
_d
31649